000 00433nam a2200181Ia 4500
001 4143
005 20260306145734.0
008 260306t2009||||xx |||||||||||||| ||spa||
041 _aESP
082 _a306.85
_bW77
100 _aWojtyla, Karol
_eAUT
245 0 _aEl don del amor:
_bescritos sobre la familia
260 _c2009
300 _a414 páginas :
_c21 cm.
650 _aGEN
654 _aCED
942 _cLIB
_dJUS
_fJUS
_2ddc
_n
999 _c4143
_d4143